000
00381nam a2200145Ia 4500
008
100122s9999 xx 000 0 und d
082
_b
25653
_a
821
100
_a
ओक सुनेत्रा
245
_a
चेतसी
260
_b
सुशमा प्रकाशन
_c
1977
300
_a
60
630
_a
चेतसी
730
_a
चेतसी
942
_c
BOOK
999
_c
412358
_d
412355